| 000 | 00960nam a22002297a 4500 | ||
|---|---|---|---|
| 999 |
_c171781 _d171781 |
||
| 005 | 20200122152612.0 | ||
| 010 | _aB-732079 | ||
| 020 |
_a9788192851600 _c499.00 |
||
| 035 | _aB-732079 | ||
| 037 |
_bBritish Icon _adpl |
||
| 082 | _a488.24 | ||
| 100 | _aVivek Singh | ||
| 245 |
_aSecrets of pronunciation: _bspoken learning programme for accent & pronounciation / _cby Vivek Singh |
||
| 250 | _a2nd rev.ed | ||
| 260 |
_aJabalpur (M.P.) _bBritish Icon Publication _c2019 |
||
| 270 |
_a14/34, Plot no.34, Near CBI Office, Vijay Nagar, _bJabalpur (M.P.) |
||
| 300 |
_ax,386,20p.: _bill. _c24cm(pbk) |
||
| 490 | _aSmart English | ||
| 500 | _aPictures of sound practice, Mouth Gymnastics,pages,1-7 | ||
| 942 |
_2ddc _cEN _mVIV _h488.24 |
||